000 00534nam a22001937a 4500
003 OSt
005 20151029095635.0
008 130311t xxu||||| |||| 00| 0 eng d
020 _a140003471X
050 _aPQ 8180.17
_b.M357 1982
082 _aIB 863
_bM34c 1983
100 _aMarquez, Gabriel Garcia
245 _aChronicle of a death foretold :
_cAcclaim for Gabriel García Márquez
260 _aNew York :
_bVintage International,
_cc1982.
300 _a120 p.
_c21 cm
562 _e1
942 _2lcc
_cBK
999 _c2335
_d2335